[Event "Bad Woerishofen Seniors op 21st"]
[Site "Bad Woerishofen"]
[Date "2005.03.03"]
[Round "1"]
[White "Mueller, Manfred"]
[Black "Paulsen, Eckart"]
[Result "1-0"]
[WhiteElo "1901"]
[BlackElo "1636"]
[PlyCount "77"]
[EventDate "2005.03.03"]
[EventType "swiss"]
[EventRounds "9"]
[EventCountry "GER"]
[SourceTitle "EXT 2006"]
[Source "ChessBase"]
[SourceDate "2005.11.24"]
[SourceVersion "1"]
[SourceVersionDate "2005.11.24"]
[SourceQuality "1"]

1. e4 e6 2. d4 d5 3. Nd2 dxe4 4. Nxe4 Bd7 5. Bd3 Bc6 6. c3 Nd7 7. Nf3 Ngf6 8. Qe2 Nxe4 9. Bxe4 Bxe4 10. Qxe4 c6 11. 0-0 Be7 12. Re1 0-0 13. Bd2 Nf6 14. Qc2 Rc8 15. Rad1 Qc7 16. Ne5 c5 17. Be3 Nd5 18. Qe4 Nf6 19. Qb1 Nd5 20. Nf3 h6 21. Bc1 Bf6 22. c4 Nb6 23. b3 cxd4 24. Nxd4 a6 25. Qe4 Nd7 26. Bf4 Qa5 27. Qe2 e5 28. Nf3 exf4 29. Rxd7 Rfe8 30. Qxe8+ Rxe8 31. Rxe8+ Kh7 32. Rxf7 Qxa2 33. Rxb7 Qa1+ 34. Re1 Qa2 35. h3 a5 36. Re6 Qb2 37. c5 Qc2 38. c6 Qf5 39. Rd6 1-0

[Event "Stare Mesto op"]
[Site "Stare Mesto"]
[Date "2004.08.15"]
[Round "3"]
[White "Karlik, Vladimir"]
[Black "Mueller, Manfred"]
[Result "1-0"]
[WhiteElo "2348"]
[BlackElo "2124"]
[PlyCount "29"]
[EventDate "2004.08.13"]
[EventType "swiss"]
[EventRounds "10"]
[EventCountry "CZE"]
[SourceTitle "EXT 2006"]
[Source "ChessBase"]
[SourceDate "2005.11.24"]
[SourceVersion "1"]
[SourceVersionDate "2005.11.24"]
[SourceQuality "1"]

1. d4 Nf6 2. Nf3 d5 3. Bf4 e6 4. e3 Bd6 5. Bg3 0-0 6. Nbd2 b6 7. Bd3 Ba6 8. c4 c5 9. dxc5 Bxc5 10. a3 Bd6 11. Rc1 dxc4 12. Nxc4 Bxc4 13. Bxd6 Bxd3 14. Bxf8 Qxf8 15. Qxd3 1-0